| 000 | 01567nam a2200481 i 4500 | ||
|---|---|---|---|
| 001 | 17550 | ||
| 003 | KOSZ 005 | ||
| 005 | 20191029124456.0 | ||
| 008 | 020905s1977 pl a f |001 0 pol | ||
| 015 | _aPB 1977/10435 | ||
| 035 | _a991019347759705066 | ||
| 035 | _a(PL-WaBN)b15240642-48omnis_nlop | ||
| 035 | _ab15240642 | ||
| 035 | _a(OCoLC)749304599 | ||
| 035 | _a(PL)b0000001524064 | ||
| 035 | _a(EXLNZ-48OMNIS_NETWORK)9910060933805606 | ||
| 040 |
_aWA N _cWA N _dKOSZ 005/EG |
||
| 041 | 0 | _apol | |
| 080 | _a675 | ||
| 080 | _a541.1 | ||
| 100 | 1 |
_aBieńkiewicz, Krzysztof Jan _eAutor |
|
| 245 | 1 | 0 |
_aFizykochemia wyprawy skór / _cKrzysztof J. Bieńkiewicz. |
| 260 |
_aWarszawa : _bWydawnictwa Naukowo-Techniczne, _c1977. |
||
| 300 |
_a466, [2] s. : _bil., tab., wykr. ; _c25 cm. |
||
| 336 |
_2rdacontent _aTekst _btxt |
||
| 337 |
_2rdamedia _aBez urządzenia pośredniczącego _bn |
||
| 338 |
_2rdacarrier _aWolumin _bnc |
||
| 380 | _aKsiążki | ||
| 380 | _aPublikacje fachowe | ||
| 388 | _a1901-2000 | ||
| 388 | _a1945-1989 | ||
| 504 | _aBibliogr. przy rozdz. - Indeks. | ||
| 650 | 7 |
_aChemia fizyczna _2DBN |
|
| 650 | 7 |
_aGarbarstwo _2DBN |
|
| 650 | 7 |
_aTechnologia chemiczna organiczna _2DBN |
|
| 658 | _aFizyka i astronomia | ||
| 658 | _aChemia | ||
| 658 | _aInżynieria i technika | ||
| 710 | 2 |
_aWydawnictwa Naukowo-Techniczne _4pbl |
|
| 856 |
_uhttp://koha.tu.koszalin.pl/cgi-bin/koha/opac-detail.pl?biblionumber=17550 _yKatalog online BPK |
||
| 942 |
_2UKD _cKS |
||
| 999 |
_c17550 _d17550 |
||